[Event "77. Campeonato Brasileiro 2010 - Final"]
[Site "Americana BRA"]
[Date "2010.11.29"]
[Round "1.1"]
[White "Gonzalez, Bolivar Ribeiro"]
[Black "Leitao, Rafael"]
[Result "0-1"]
[WhiteElo "2277"]
[BlackElo "2626"]
[PlyCount "58"]
[EventDate "2010.11.29"]
[EventType "tourn"]
[EventRounds "11"]
[EventCountry "BRA"]
[EventCategory "10"]
[Source "lmi"]
[SourceDate "2010.11.29"]

1. e4 c5 2. Nf3 d6 3. d4 cxd4 4. Nxd4 Nf6 5. Nc3 a6 6. Be3 e5 7. Nb3 Be6 8. f3
Be7 9. Qd2 O-O 10. g4 d5 11. g5 d4 12. gxf6 Bxf6 13. Nd1 dxe3 14. Qxd8 Rxd8 15.
h4 Nc6 16. Nxe3 Rac8 17. Nc5 Nd4 18. Nxe6 fxe6 19. O-O-O Nxf3 20. Be2 Nxh4 21.
Kb1 Ng6 22. Bc4 Nf4 23. Bb3 Rxd1+ 24. Nxd1 Rd8 25. c3 h5 26. Nf2 Kf7 27. Bd1
Rd2 28. Rf1 g5 29. Nh1 g4 0-1

[Event "77. Campeonato Brasileiro 2010 - Final"]
[Site "Americana BRA"]
[Date "2010.11.29"]
[Round "1.2"]
[White "Fier, Alexandr"]
[Black "Barreto Filho, Carlos Alberto"]
[Result "1-0"]
[WhiteElo "2572"]
[BlackElo "2350"]
[PlyCount "59"]
[EventDate "2010.11.29"]
[EventType "tourn"]
[EventRounds "11"]
[EventCountry "BRA"]
[EventCategory "10"]
[Source "lmi"]
[SourceDate "2010.11.29"]

1. e4 c5 2. Nf3 d6 3. d4 cxd4 4. Nxd4 Nf6 5. Nc3 Nc6 6. Bg5 e6 7. Qd2 a6 8.
O-O-O Be7 9. f4 Nxd4 10. Qxd4 b5 11. Bxf6 gxf6 12. e5 d5 13. f5 fxe5 14. Qxe5
Bf6 15. Qg3 Bh4 16. Qh3 O-O 17. Kb1 Bf6 18. Bd3 Ra7 19. g4 b4 20. Rhg1 bxc3 21.
g5 Kh8 22. gxf6 Qxf6 23. fxe6 fxe6 24. Rdf1 Qd8 25. Qg3 Rxf1+ 26. Bxf1 Rf7 27.
Qxc3+ Qf6 28. Qxc8+ Rf8 29. Qc3 d4 30. Qe1 1-0

[Event "77. Campeonato Brasileiro 2010 - Final"]
[Site "Americana BRA"]
[Date "2010.11.29"]
[Round "1.3"]
[White "Shumyatsky, Victor"]
[Black "El Debs, Felipe De Cresce"]
[Result "0-1"]
[WhiteElo "2352"]
[BlackElo "2502"]
[PlyCount "72"]
[EventDate "2010.11.29"]
[EventType "tourn"]
[EventRounds "11"]
[EventCountry "BRA"]
[EventCategory "10"]
[Source "lmi"]
[SourceDate "2010.11.29"]

1. e4 c6 2. Nc3 d5 3. Nf3 Nf6 4. e5 Ne4 5. d4 Bf5 6. Nxe4 Bxe4 7. Ng5 Bg6 8. h4
h6 9. Nh3 e6 10. Nf4 Bf5 11. c3 c5 12. dxc5 Bxc5 13. Bd3 Qc7 14. Qe2 Bxd3 15.
Nxd3 h5 16. Be3 Be7 17. Bg5 Nc6 18. Bxe7 Nxe7 19. O-O Nf5 20. g3 O-O-O 21. a4
Kb8 22. a5 Rdg8 23. Qd2 g5 24. hxg5 Qe7 25. a6 Rxg5 26. Ra4 d4 27. Qf4 Rhg8 28.
Qe4 Rg4 29. Qxb7+ Qxb7 30. axb7 dxc3 31. Rxg4 Rxg4 32. Kh2 Rd4 33. Nc5 cxb2 34.
Rb1 Rd2 35. Kg1 Rc2 36. Nd3 Rc3 0-1

[Event "77. Campeonato Brasileiro 2010 - Final"]
[Site "Americana BRA"]
[Date "2010.11.29"]
[Round "1.5"]
[White "Mekhitarian, Krikor Sevag"]
[Black "Milos, Gilberto"]
[Result "1-0"]
[WhiteElo "2525"]
[BlackElo "2596"]
[PlyCount "85"]
[EventDate "2010.11.29"]
[EventType "tourn"]
[EventRounds "11"]
[EventCountry "BRA"]
[EventCategory "10"]
[Source "lmi"]
[SourceDate "2010.11.29"]

1. d4 Nf6 2. c4 g6 3. Nc3 Bg7 4. e4 O-O 5. Nf3 d6 6. Be2 c5 7. O-O cxd4 8. Nxd4
Nc6 9. Nc2 Nd7 10. Bd2 Nc5 11. f3 a5 12. Kh1 a4 13. Be1 f5 14. exf5 gxf5 15.
Rb1 f4 16. b4 axb3 17. axb3 Kh8 18. b4 Nd7 19. Nd5 Nb6 20. Bh4 Nxd5 21. cxd5
Ne5 22. Nd4 Qe8 23. Ra1 Rxa1 24. Qxa1 Qh5 25. Bf2 Nd7 26. Qa2 Nf6 27. Bc4 Qg5
28. Re1 Rg8 29. Qd2 b5 30. Bb3 Nd7 31. g3 Be5 32. Ne6 Qh5 33. g4 Qh3 34. Bd1
Qh6 35. Bd4 Bb7 36. g5 Qg6 37. Qxf4 h6 38. Rxe5 dxe5 39. Bxe5+ Nxe5 40. Qxe5+
Kh7 41. Nf4 Qb1 42. Qxe7+ Rg7 43. g6+ 1-0

[Event "77. Campeonato Brasileiro 2010 - Final"]
[Site "Americana BRA"]
[Date "2010.11.30"]
[Round "2.1"]
[White "Leitao, Rafael"]
[Black "Jatoba De Oliveira Reis, Paulo"]
[Result "1-0"]
[WhiteElo "2626"]
[BlackElo "2378"]
[PlyCount "44"]
[EventDate "2010.11.29"]
[EventType "tourn"]
[EventRounds "11"]
[EventCountry "BRA"]
[EventCategory "10"]
[Source "lmi"]
[SourceDate "2010.11.29"]

1. d4 e6 2. c4 Nf6 3. Nf3 Bb4+ 4. Nbd2 b6 5. a3 Bxd2+ 6. Qxd2 Bb7 7. e3 O-O 8.
Be2 d6 9. O-O Ne4 10. Qc2 f5 11. b4 Rf6 12. d5 exd5 13. Bb2 Rg6 14. cxd5 Bxd5
15. Rfd1 Bb7 16. Rac1 Na6 17. Ne5 Rxg2+ 18. Kxg2 Qg5+ 19. Kf1 dxe5 20. Bxe5 Re8
21. Qc4+ Kf8 22. Rd7 Qg6 1-0

[Event "77. Campeonato Brasileiro 2010 - Final"]
[Site "Americana BRA"]
[Date "2010.11.30"]
[Round "2.2"]
[White "Milos, Gilberto"]
[Black "Di Berardino, Diego Rafael"]
[Result "1/2-1/2"]
[WhiteElo "2596"]
[BlackElo "2491"]
[PlyCount "82"]
[EventDate "2010.11.29"]
[EventType "tourn"]
[EventRounds "11"]
[EventCountry "BRA"]
[EventCategory "10"]
[Source "lmi"]
[SourceDate "2010.11.29"]

1. e4 c5 2. Nf3 d6 3. d4 cxd4 4. Nxd4 Nf6 5. Nc3 a6 6. Be2 e5 7. Nb3 Be7 8. Be3
Be6 9. Nd5 Nbd7 10. Qd3 Bxd5 11. exd5 O-O 12. O-O Nc5 13. Qd2 Nfe4 14. Qb4 a5
15. Qb5 b6 16. f3 Nf6 17. Rad1 a4 18. Nc1 Nfd7 19. Nd3 Nxd3 20. Bxd3 f5 21. b4
axb3 22. axb3 Nc5 23. b4 Nxd3 24. cxd3 Rb8 25. Ra1 Bg5 26. Bf2 Qf6 27. Ra7 e4
28. dxe4 fxe4 29. fxe4 Qc3 30. Kh1 Be3 31. Bg1 Qd4 32. Bxe3 Qxe3 33. Rd1 Qxe4
34. Qd7 Qe5 35. Qe6+ Qxe6 36. dxe6 Rbe8 37. Rb7 Rxe6 38. Rxb6 Rf2 39. Kg1 Rb2
40. Rb8+ Kf7 41. Rb7+ Kg8 1/2-1/2

[Event "77. Campeonato Brasileiro 2010 - Final"]
[Site "Americana BRA"]
[Date "2010.11.30"]
[Round "2.3"]
[White "Matsuura, Everaldo"]
[Black "Mekhitarian, Krikor Sevag"]
[Result "1/2-1/2"]
[WhiteElo "2490"]
[BlackElo "2525"]
[PlyCount "42"]
[EventDate "2010.11.29"]
[EventType "tourn"]
[EventRounds "11"]
[EventCountry "BRA"]
[EventCategory "10"]
[Source "lmi"]
[SourceDate "2010.11.29"]

1. e4 c5 2. Nf3 d6 3. d4 cxd4 4. Nxd4 Nf6 5. Nc3 e6 6. Be3 a6 7. f3 b5 8. Qd2
Nbd7 9. g4 h6 10. O-O-O b4 11. Nce2 Qc7 12. Bg2 g6 13. Ng3 e5 14. Nde2 a5 15.
Kb1 Nc5 16. h4 Be6 17. g5 hxg5 18. Bxg5 Nh7 19. Be3 Nf6 20. Bg5 Nh7 21. Be3 Nf6
1/2-1/2

[Event "77. Campeonato Brasileiro 2010 - Final"]
[Site "Americana BRA"]
[Date "2010.11.30"]
[Round "2.4"]
[White "El Debs, Felipe De Cresce"]
[Black "Vescovi, Giovanni"]
[Result "0-1"]
[WhiteElo "2502"]
[BlackElo "2622"]
[PlyCount "134"]
[EventDate "2010.11.29"]
[EventType "tourn"]
[EventRounds "11"]
[EventCountry "BRA"]
[EventCategory "10"]
[Source "lmi"]
[SourceDate "2010.11.29"]

1. Nf3 e6 2. c4 d5 3. d4 c6 4. Qc2 Nf6 5. g3 Bb4+ 6. Nbd2 O-O 7. Bg2 dxc4 8.
Qxc4 Qe7 9. O-O Nbd7 10. e4 Bxd2 11. Nxd2 e5 12. Nb3 a5 13. Bd2 Nb6 14. Qc3 a4
15. dxe5 Ng4 16. Nd4 Nxe5 17. Rfe1 f6 18. Rad1 Qf7 19. b3 axb3 20. axb3 Ra2 21.
f4 Ng4 22. h3 Nh6 23. Ra1 Rxa1 24. Rxa1 Re8 25. Be3 Nd7 26. Ra8 Nf8 27. g4 Qe7
28. g5 Nf7 29. Rxc8 Rxc8 30. Nf5 Qe6 31. gxf6 gxf6 32. Bd4 Nd6 33. Nh6+ Kg7 34.
f5 Nxe4 35. Qe3 Qd6 36. Bxe4 Re8 37. Ng4 Nd7 38. Bc3 Kf7 39. Kg2 Nc5 40. Nxf6
Nxe4 41. Nxe8 Qe7 42. Nc7 Nxc3 43. Qxc3 Qxc7 44. Qh8 Qf4 45. Qxh7+ Kf8 46. Qh8+
Kf7 47. Qh5+ Kf8 48. Qf3 Qb4 49. Qe3 Qd6 50. Kf3 b5 51. Kg4 c5 52. Qe4 Qc7 53.
h4 c4 54. bxc4 bxc4 55. h5 c3 56. h6 c2 57. Qa8+ Ke7 58. Qa3+ Kf7 59. Qc1 Qc4+
60. Kf3 Qd3+ 61. Kf2 Qd1 62. Qe3 c1=Q 63. Qe6+ Kf8 64. Qf6+ Ke8 65. Qe6+ Kd8
66. Qf6+ Kc7 67. Qg7+ Kb6 0-1

[Event "77. Campeonato Brasileiro 2010 - Final"]
[Site "Americana BRA"]
[Date "2010.11.30"]
[Round "2.5"]
[White "Barreto Filho, Carlos Alberto"]
[Black "Shumyatsky, Victor"]
[Result "0-1"]
[WhiteElo "2350"]
[BlackElo "2352"]
[PlyCount "86"]
[EventDate "2010.11.29"]
[EventType "tourn"]
[EventRounds "11"]
[EventCountry "BRA"]
[EventCategory "10"]
[Source "lmi"]
[SourceDate "2010.11.29"]

1. d4 Nf6 2. c4 e6 3. Nf3 b6 4. g3 Ba6 5. Qa4 Bb7 6. Bg2 c5 7. dxc5 bxc5 8. O-O
Be7 9. Nc3 O-O 10. Rd1 Qb6 11. Bf4 Rd8 12. Rd2 d6 13. Rad1 Na6 14. Ng5 Bxg2 15.
Kxg2 Qb7+ 16. f3 d5 17. Nh3 h6 18. cxd5 exd5 19. Be5 d4 20. Bxf6 Bxf6 21. Ne4
Be7 22. e3 dxe3 23. Rxd8+ Rxd8 24. Rxd8+ Bxd8 25. Qe8+ Kh7 26. Qxd8 Qxb2+ 27.
Kf1 Qb5+ 28. Kg2 Qe2+ 29. Nhf2 exf2 30. Nxf2 Nb4 31. Qd7 Qxa2 32. h4 Nc2 33.
Qf5+ g6 34. Qe4 Qb1 35. Nd3 c4 36. Qe7 Ne3+ 37. Kf2 Qf1+ 38. Kxe3 Qxd3+ 39. Kf2
Qc2+ 40. Kf1 Qb1+ 41. Kg2 Qa2+ 42. Kh3 c3 43. g4 Qc4 0-1

[Event "77. Campeonato Brasileiro 2010 - Final"]
[Site "Americana BRA"]
[Date "2010.11.30"]
[Round "2.6"]
[White "Gonzalez, Bolivar Ribeiro"]
[Black "Fier, Alexandr"]
[Result "1/2-1/2"]
[WhiteElo "2277"]
[BlackElo "2572"]
[PlyCount "136"]
[EventDate "2010.11.29"]
[EventType "tourn"]
[EventRounds "11"]
[EventCountry "BRA"]
[EventCategory "10"]
[Source "lmi"]
[SourceDate "2010.11.29"]

1. e4 c5 2. Nf3 d6 3. d4 cxd4 4. Nxd4 Nf6 5. Nc3 Nc6 6. Bg5 e6 7. Qd2 a6 8.
O-O-O Bd7 9. f4 Be7 10. Nf3 b5 11. a3 b4 12. axb4 Nxb4 13. Bxf6 gxf6 14. Nd5
Nxd5 15. exd5 e5 16. Bd3 Qb6 17. Rhe1 Rb8 18. Qc3 O-O 19. Nh4 Rfc8 20. Qa3 Rc5
21. Kb1 f5 22. Nxf5 Bxf5 23. Bxf5 Bf6 24. fxe5 Bxe5 25. Rxe5 dxe5 26. Qg3+ Kf8
27. b3 Qd6 28. Bxh7 Ke7 29. Qg5+ Kd7 30. Bf5+ Kc7 31. Qg7 Rf8 32. Be4 Kb6 33.
g4 a5 34. Rf1 f6 35. g5 f5 36. Qh6 Qxh6 37. gxh6 f4 38. h7 Rcc8 39. Rg1 f3 40.
Bxf3 Rh8 41. Be4 Kc5 42. c3 a4 43. bxa4 Rcf8 44. Rg6 Kc4 45. Rc6+ Kb3 46. Bc2+
Ka3 47. Kc1 Rf1+ 48. Kd2 Rf2+ 49. Kd1 Rxh2 50. Rf6 Kb2 51. Bg6 Kxc3 52. d6 Ra8
53. Rf3+ Kb4 54. Re3 Rh6 55. Re4+ Ka3 56. Re3+ Kb2 57. Re2+ Ka1 58. Be4 Rd8 59.
Rd2 Rh4 60. Bf5 Rh5 61. d7 Rxf5 62. h8=Q Rxh8 63. d8=Q Rxd8 64. Rxd8 e4 65. Ke2
Kb2 66. Rd4 Kb3 67. Rxe4 Ra5 68. Kd3 Rxa4 1/2-1/2

[Event "77. Campeonato Brasileiro 2010 - Final"]
[Site "Americana BRA"]
[Date "2010.12.01"]
[Round "3.1"]
[White "Fier, Alexandr"]
[Black "Leitao, Rafael"]
[Result "1-0"]
[WhiteElo "2572"]
[BlackElo "2626"]
[PlyCount "105"]
[EventDate "2010.11.29"]
[EventType "tourn"]
[EventRounds "11"]
[EventCountry "BRA"]
[EventCategory "10"]
[Source "lmi"]
[SourceDate "2010.11.29"]

1. e4 c5 2. Nf3 e6 3. d4 cxd4 4. Nxd4 a6 5. Bd3 Bc5 6. Nb3 Ba7 7. Qg4 Nf6 8.
Qg3 d6 9. Nc3 Nc6 10. Bg5 h6 11. Bd2 Ne5 12. Be2 b5 13. f4 b4 14. fxe5 bxc3 15.
Qxc3 Bf2+ 16. Kf1 dxe5 17. Qxe5 Ba7 18. Bb4 Qb6 19. Bc5 Qc6 20. Rd1 Bxc5 21.
Qxc5 Bb7 22. Qxc6+ Bxc6 23. Nc5 Ke7 24. e5 Nd7 25. Nxd7 Bxd7 26. Kf2 Rhc8 27.
Bd3 Rc5 28. Rhe1 Bb5 29. b3 Rc3 30. Be4 Rac8 31. a4 Bc6 32. Bd3 a5 33. g3 Rd8
34. Re3 Rc5 35. c4 Rb8 36. Bc2 Be8 37. Ke1 Rb6 38. Rd4 Bd7 39. Kd2 Be8 40. Kc3
Rb4 41. Bd1 Rb6 42. Be2 Ra6 43. Rg4 Kf8 44. Kd4 Rac6 45. h4 Rc8 46. Rf4 Ke7 47.
g4 R5c7 48. g5 hxg5 49. hxg5 Rd8+ 50. Kc3 g6 51. Rd4 Rb8 52. Rd6 Bc6 53. Bf3
1-0

[Event "77. Campeonato Brasileiro 2010 - Final"]
[Site "Americana BRA"]
[Date "2010.12.01"]
[Round "3.2"]
[White "Shumyatsky, Victor"]
[Black "Gonzalez, Bolivar Ribeiro"]
[Result "1-0"]
[WhiteElo "2352"]
[BlackElo "2277"]
[PlyCount "133"]
[EventDate "2010.11.29"]
[EventType "tourn"]
[EventRounds "11"]
[EventCountry "BRA"]
[EventCategory "10"]
[Source "lmi"]
[SourceDate "2010.11.29"]

1. e4 c6 2. d4 d5 3. e5 Bf5 4. Ne2 e6 5. Ng3 Bg6 6. h4 h6 7. h5 Bh7 8. Bd3 Bxd3
9. Qxd3 Ne7 10. c3 Qc7 11. Na3 a6 12. Nc2 c5 13. O-O Nd7 14. Bd2 Rc8 15. Rac1
Qc6 16. b3 g6 17. hxg6 fxg6 18. c4 Bg7 19. Ne3 O-O 20. cxd5 exd5 21. f4 Qe6 22.
f5 gxf5 23. Nexf5 Rf7 24. Nxe7+ Rxe7 25. Nf5 Rf7 26. Nxh6+ Bxh6 27. Rxf7 Qxf7
28. Bxh6 Rc6 29. Rf1 Qh7 30. Qxh7+ Kxh7 31. Rf7+ Kxh6 32. Rxd7 Kg5 33. e6 Kf6
34. e7 Kf7 35. Rxd5 cxd4 36. Rxd4 Kxe7 37. Rf4 Ke6 38. Kh2 Ke5 39. Rf3 Rc2 40.
a3 a5 41. a4 b5 42. axb5 Rc5 43. g4 Ke4 44. Kg3 Rxb5 45. Rf4+ Ke3 46. Rf5 Rb8
47. Re5+ Kd4 48. Rxa5 Rxb3+ 49. Kf4 Rb1 50. Ra8 Rf1+ 51. Kg5 Rg1 52. Re8 Kd5
53. Kf5 Kd6 54. g5 Kd7 55. Re4 Rf1+ 56. Kg6 Rg1 57. Kf6 Rf1+ 58. Kg7 Rf2 59. g6
Rf1 60. Kh7 Rh1+ 61. Kg8 Kd8 62. g7 Kd7 63. Kf7 Rf1+ 64. Kg6 Rg1+ 65. Kf6 Kd6
66. Re6+ Kd7 67. Re5 1-0

[Event "77. Campeonato Brasileiro 2010 - Final"]
[Site "Americana BRA"]
[Date "2010.12.01"]
[Round "3.3"]
[White "Vescovi, Giovanni"]
[Black "Barreto Filho, Carlos Alberto"]
[Result "1-0"]
[WhiteElo "2622"]
[BlackElo "2350"]
[PlyCount "75"]
[EventDate "2010.11.29"]
[EventType "tourn"]
[EventRounds "11"]
[EventCountry "BRA"]
[EventCategory "10"]
[Source "lmi"]
[SourceDate "2010.11.29"]

1. d4 Nf6 2. Nf3 g6 3. c4 Bg7 4. Nc3 O-O 5. e4 d6 6. Be2 e5 7. d5 a5 8. Bg5 h6
9. Bh4 Na6 10. Nd2 Qe8 11. a3 Bd7 12. O-O Nh7 13. Kh1 h5 14. f3 Bh6 15. b3 Be3
16. Qc2 f5 17. exf5 gxf5 18. Bf2 Bxf2 19. Rxf2 Kh8 20. f4 e4 21. Nf1 Nf6 22.
Ne3 Ng4 23. Bxg4 hxg4 24. Qb2 Kh7 25. b4 Qg6 26. Rd2 Rh8 27. g3 Kg8 28. Ne2 Kf7
29. Nd4 Qf6 30. Rc1 Rh3 31. c5 Rah8 32. Kg1 axb4 33. axb4 Nxb4 34. Qxb4 Rxg3+
35. hxg3 Qh6 36. Nf1 Qh1+ 37. Kf2 Rh2+ 38. Ke1 1-0

[Event "77. Campeonato Brasileiro 2010 - Final"]
[Site "Americana BRA"]
[Date "2010.12.01"]
[Round "3.4"]
[White "Mekhitarian, Krikor Sevag"]
[Black "El Debs, Felipe De Cresce"]
[Result "0-1"]
[WhiteElo "2525"]
[BlackElo "2502"]
[PlyCount "98"]
[EventDate "2010.11.29"]
[EventType "tourn"]
[EventRounds "11"]
[EventCountry "BRA"]
[EventCategory "10"]
[Source "lmi"]
[SourceDate "2010.11.29"]

1. d4 Nf6 2. c4 c5 3. d5 e5 4. Nc3 d6 5. e4 Be7 6. g3 O-O 7. Bg2 Na6 8. Nge2
Nc7 9. a3 Nd7 10. O-O a6 11. b4 b6 12. Be3 Bg5 13. f4 Bf6 14. Qd2 b5 15. cxb5
Nxb5 16. Nxb5 axb5 17. f5 Be7 18. Qd3 Ba6 19. h4 Nb6 20. Rfb1 Nc4 21. Bf2 Qc7
22. Nc3 Rfb8 23. Bf1 Bd8 24. Qd1 Qc8 25. Bxc4 cxb4 26. axb4 Qxc4 27. Ra3 Bc8
28. Rab3 Bd7 29. Qe2 Rc8 30. Qxc4 Rxc4 31. Kg2 h5 32. Re1 Kh7 33. Be3 g6 34.
fxg6+ Kxg6 35. Rf1 Rac8 36. Bd2 Bb6 37. Rf3 Bd4 38. Rd3 f5 39. exf5+ Bxf5 40.
Nxb5 Bxd3 41. Rxd3 Rd8 42. Bg5 Rd7 43. Rf3 e4 44. Nxd4 exf3+ 45. Nxf3 Rxb4 46.
Bf4 Rb5 47. Kh3 Rxd5 48. g4 Rf7 49. Kg3 Rd3 0-1

[Event "77. Campeonato Brasileiro 2010 - Final"]
[Site "Americana BRA"]
[Date "2010.12.01"]
[Round "3.6"]
[White "Jatoba De Oliveira Reis, Paulo"]
[Black "Milos, Gilberto"]
[Result "0-1"]
[WhiteElo "2378"]
[BlackElo "2596"]
[PlyCount "58"]
[EventDate "2010.11.29"]
[EventType "tourn"]
[EventRounds "11"]
[EventCountry "BRA"]
[EventCategory "10"]
[Source "lmi"]
[SourceDate "2010.11.29"]

1. Nf3 Nf6 2. c4 g6 3. Nc3 Bg7 4. e4 O-O 5. d4 d6 6. h3 c5 7. d5 Na6 8. Bd3 Nc7
9. O-O e5 10. Bg5 h6 11. Be3 Nh5 12. Qd2 g5 13. Rfe1 Nf4 14. Bf1 Qf6 15. Nh2
Qg6 16. f3 f5 17. Kh1 Ne8 18. Rad1 Nf6 19. exf5 Bxf5 20. g3 N6h5 21. Bf2 Nxh3
22. g4 Bxg4 23. Nxg4 Rxf3 24. Bg2 Qf5 25. Bxh3 Rxh3+ 26. Nh2 g4 27. Re3 g3 28.
Bxg3 Rxg3 29. Rg1 Qg5 0-1

[Event "77. Campeonato Brasileiro 2010 - Final"]
[Site "Americana BRA"]
[Date "2010.12.02"]
[Round "4.1"]
[White "Leitao, Rafael"]
[Black "Milos, Gilberto"]
[Result "1/2-1/2"]
[WhiteElo "2626"]
[BlackElo "2596"]
[PlyCount "77"]
[EventDate "2010.11.29"]
[EventType "tourn"]
[EventRounds "11"]
[EventCountry "BRA"]
[EventCategory "10"]
[Source "lmi"]
[SourceDate "2010.11.29"]

1. d4 Nf6 2. c4 e6 3. g3 Bb4+ 4. Bd2 Qe7 5. Nf3 Bxd2+ 6. Qxd2 O-O 7. Bg2 d5 8.
O-O Nbd7 9. Qc2 c6 10. Nbd2 b6 11. e4 dxe4 12. Nxe4 Nxe4 13. Qxe4 Bb7 14. Ne5
Nxe5 15. dxe5 Rab8 16. Rad1 c5 17. Qf4 Bxg2 18. Kxg2 b5 19. Rd2 bxc4 20. Qxc4
Rb4 21. Qc3 Rd8 22. Rfd1 Rxd2 23. Rxd2 g6 24. b3 a5 25. Rd6 Qb7+ 26. f3 Qb5 27.
Qd2 Rd4 28. Rxd4 cxd4 29. Qxd4 Qe2+ 30. Qf2 Qxe5 31. Qd2 h5 32. a3 g5 33. b4
axb4 34. axb4 g4 35. fxg4 hxg4 36. Qf4 Qe2+ 37. Kg1 f5 38. Qb8+ Kf7 39. b5
1/2-1/2

[Event "77. Campeonato Brasileiro 2010 - Final"]
[Site "Americana BRA"]
[Date "2010.12.02"]
[Round "4.2"]
[White "Matsuura, Everaldo"]
[Black "Jatoba De Oliveira Reis, Paulo"]
[Result "1-0"]
[WhiteElo "2490"]
[BlackElo "2378"]
[PlyCount "103"]
[EventDate "2010.11.29"]
[EventType "tourn"]
[EventRounds "11"]
[EventCountry "BRA"]
[EventCategory "10"]
[Source "lmi"]
[SourceDate "2010.11.29"]

1. e4 e6 2. d4 d5 3. Nc3 Bb4 4. e5 Ne7 5. a3 Bxc3+ 6. bxc3 c5 7. h4 Qa5 8. Bd2
cxd4 9. cxd4 Qa4 10. h5 b6 11. h6 gxh6 12. c3 Qxd1+ 13. Kxd1 Ba6 14. Bxa6 Nxa6
15. Bxh6 Rc8 16. Ne2 Rg8 17. g3 Kd7 18. Bd2 Rg7 19. Nf4 Ng8 20. Ke2 Nc7 21. Nh5
Rg6 22. f4 f5 23. exf6 Rf8 24. f5 exf5 25. Nf4 Rgxf6 26. Rxh7+ R6f7 27. Rxf7+
Rxf7 28. Ng6 Rg7 29. Ne5+ Ke6 30. Bf4 Nb5 31. Kd3 Nf6 32. Rh1 Rc7 33. Rh6 Rxc3+
34. Kd2 Rc8 35. Bg5 Rf8 36. Kd3 Nc7 37. Ng6 Rf7 38. Nh8 Rf8 39. Ng6 Rf7 40.
Nf4+ Ke7 41. a4 Nce8 42. Nxd5+ Ke6 43. Nxf6 Nxf6 44. Kc3 a6 45. Kd3 Rf8 46. Ke3
f4+ 47. Kxf4 b5 48. axb5 axb5 49. d5+ Kxd5 50. Rxf6 Rb8 51. Rf5+ Ke6 52. Re5+
1-0

[Event "77. Campeonato Brasileiro 2010 - Final"]
[Site "Americana BRA"]
[Date "2010.12.02"]
[Round "4.3"]
[White "El Debs, Felipe De Cresce"]
[Black "Di Berardino, Diego Rafael"]
[Result "1/2-1/2"]
[WhiteElo "2502"]
[BlackElo "2491"]
[PlyCount "45"]
[EventDate "2010.11.29"]
[EventType "tourn"]
[EventRounds "11"]
[EventCountry "BRA"]
[EventCategory "10"]
[Source "lmi"]
[SourceDate "2010.11.29"]

1. Nf3 c5 2. c4 Nc6 3. Nc3 g6 4. g3 Bg7 5. Bg2 e5 6. O-O Nge7 7. d3 d6 8. a3
O-O 9. Ne1 Be6 10. Bg5 f6 11. Be3 Qd7 12. Nc2 Bh3 13. b4 Bxg2 14. Kxg2 b6 15.
bxc5 bxc5 16. Rb1 Rab8 17. Qd2 Rxb1 18. Rxb1 Rb8 19. Qc1 Qd8 20. Bd2 a6 21. e4
Kf7 22. Ne3 Bh6 23. Rb2 1/2-1/2

[Event "77. Campeonato Brasileiro 2010 - Final"]
[Site "Americana BRA"]
[Date "2010.12.02"]
[Round "4.4"]
[White "Barreto Filho, Carlos Alberto"]
[Black "Mekhitarian, Krikor Sevag"]
[Result "0-1"]
[WhiteElo "2350"]
[BlackElo "2525"]
[PlyCount "150"]
[EventDate "2010.11.29"]
[EventType "tourn"]
[EventRounds "11"]
[EventCountry "BRA"]
[EventCategory "10"]
[Source "lmi"]
[SourceDate "2010.11.29"]

1. d4 Nf6 2. c4 e6 3. Nf3 Bb4+ 4. Nbd2 b6 5. a3 Bxd2+ 6. Qxd2 Bb7 7. e3 O-O 8.
Be2 d6 9. O-O Qe7 10. b4 e5 11. d5 a5 12. Bb2 axb4 13. axb4 b5 14. c5 Rxa1 15.
Rxa1 Bxd5 16. cxd6 cxd6 17. Bxb5 Qb7 18. Be2 Ne4 19. Qe1 Rc8 20. Rc1 h6 21.
Rxc8+ Qxc8 22. Qc1 Qxc1+ 23. Bxc1 Nc3 24. Bf1 Bc6 25. Bd2 Nb5 26. Bxb5 Bxb5 27.
Ne1 f6 28. Nc2 Kf7 29. Na3 Bd3 30. f3 f5 31. Kf2 Ke6 32. g3 Kd5 33. Bc3 g5 34.
Bd2 h5 35. Bc3 g4 36. f4 Nd7 37. b5 Kc5 38. Ba5 Bxb5 39. Bc7 Bd3 40. Ke1 Kc6
41. Bd8 Kd5 42. Bc7 Nc5 43. Kd2 e4 44. Kc3 Kc6 45. Bd8 Ne6 46. Bf6 Kc5 47. Be7
Nc7 48. Bf8 Nd5+ 49. Kd2 Kc6 50. Bg7 Kc5 51. Bf8 Kc6 52. Bg7 Kd7 53. Bd4 Ke6
54. Ke1 Ke7 55. Kd2 Kd7 56. Bh8 Ke6 57. Bd4 Kf7 58. Ke1 Kg6 59. Kd2 h4 60. Ke1
h3 61. Kf2 Kf7 62. Ke1 Ke6 63. Kd2 Ne7 64. Ke1 Kf7 65. Bc3 Ke6 66. Bd4 Nc6 67.
Bg7 Kd5 68. Bf8 Na5 69. Kd2 Nb3+ 70. Kd1 Kc6 71. Be7 d5 72. Bf6 d4 73. exd4 Kd5
74. Nc2 Bxc2+ 75. Kxc2 Nxd4+ 0-1

[Event "77. Campeonato Brasileiro 2010 - Final"]
[Site "Americana BRA"]
[Date "2010.12.02"]
[Round "4.5"]
[White "Gonzalez, Bolivar Ribeiro"]
[Black "Vescovi, Giovanni"]
[Result "0-1"]
[WhiteElo "2277"]
[BlackElo "2622"]
[PlyCount "82"]
[EventDate "2010.11.29"]
[EventType "tourn"]
[EventRounds "11"]
[EventCountry "BRA"]
[EventCategory "10"]
[Source "lmi"]
[SourceDate "2010.11.29"]

1. e4 e5 2. Nf3 Nc6 3. Bc4 Bc5 4. c3 Nf6 5. b4 Bb6 6. Qb3 Qe7 7. d3 d6 8. a4 a5
9. b5 Nd8 10. Nbd2 Ne6 11. O-O O-O 12. Ba3 Qd8 13. Rad1 Nh5 14. d4 exd4 15.
cxd4 Nhf4 16. g3 Nh3+ 17. Kg2 Qf6 18. e5 Qg6 19. exd6 cxd6 20. Bxd6 Nxd4 21.
Nxd4 Qxd6 22. N2f3 Qf6 23. Bd5 Bg4 24. Bxb7 Rad8 25. Bd5 Bxd4 26. Rxd4 Bxf3+
27. Bxf3 Rxd4 28. Kxh3 Qf5+ 29. g4 Qf4 30. Rd1 Rxa4 31. Kg2 Rb4 32. Qd5 Rb2 33.
Rd3 Qb4 34. Qf5 Qxb5 35. Bd5 g6 36. Qf3 Qb6 37. g5 Rb5 38. h4 Rb4 39. Kh3 Rd4
40. Rb3 Qd6 41. Rb5 Qd7+ 0-1

[Event "77. Campeonato Brasileiro 2010 - Final"]
[Site "Americana BRA"]
[Date "2010.12.02"]
[Round "4.6"]
[White "Fier, Alexandr"]
[Black "Shumyatsky, Victor"]
[Result "1-0"]
[WhiteElo "2572"]
[BlackElo "2352"]
[PlyCount "51"]
[EventDate "2010.11.29"]
[EventType "tourn"]
[EventRounds "11"]
[EventCountry "BRA"]
[EventCategory "10"]
[Source "lmi"]
[SourceDate "2010.11.29"]

1. e4 c5 2. Nf3 Nf6 3. e5 Nd5 4. Nc3 Nxc3 5. dxc3 Nc6 6. Bf4 h6 7. Bc4 e6 8. h4
b6 9. Qe2 Bb7 10. O-O-O Qc7 11. Rd2 O-O-O 12. Rhd1 Kb8 13. Ba6 Na5 14. Bg3 Bxa6
15. Qxa6 Nb7 16. Qa4 d5 17. c4 d4 18. c3 Be7 19. cxd4 cxd4 20. Nxd4 Na5 21. Kb1
a6 22. b3 Qc8 23. h5 Kb7 24. f3 Rhe8 25. Rd3 Ka8 26. Be1 1-0

[Event "77. Campeonato Brasileiro 2010 - Final"]
[Site "Americana BRA"]
[Date "2010.12.03"]
[Round "5.1"]
[White "Shumyatsky, Victor"]
[Black "Leitao, Rafael"]
[Result "1-0"]
[WhiteElo "2352"]
[BlackElo "2626"]
[PlyCount "73"]
[EventDate "2010.11.29"]
[EventType "tourn"]
[EventRounds "11"]
[EventCountry "BRA"]
[EventCategory "10"]
[Source "lmi"]
[SourceDate "2010.11.29"]

1. Nf3 Nf6 2. c4 e6 3. g3 d5 4. b3 Be7 5. Bg2 O-O 6. O-O c5 7. cxd5 exd5 8. d4
Ne4 9. Bb2 Bf6 10. Nc3 Nc6 11. Nxe4 dxe4 12. Nd2 Bxd4 13. Bxd4 Nxd4 14. Nxe4
Bg4 15. f3 Bf5 16. e3 Bxe4 17. exd4 Bg6 18. f4 Qd7 19. dxc5 Bd3 20. Re1 Qd4+
21. Kh1 Rad8 22. Rc1 Qb2 23. Qf3 Ba6 24. Qc3 Rd2 25. Qxb2 Rxb2 26. Rb1 Rxa2 27.
b4 Bd3 28. Rbd1 Ba6 29. Ra1 Rxa1 30. Rxa1 Rd8 31. h4 Kf8 32. c6 Bb5 33. cxb7 a6
34. Rc1 Bd7 35. Rc7 Ke8 36. Kh2 Rb8 37. Bc6 1-0